[Event "1516VL"]
[Site "Mecklenburg-Vorpommern"]
[Date "2015.11.15"]
[Round "3.8"]
[White "Dubke, Andreas"]
[Black "Ebert, Lutz"]
[Result "0-1"]
[WhiteElo "1791"]
[BlackElo "1744"]
[PlyCount "70"]
[EventDate "2015.10.11"]
[EventType "team-tourn"]
[EventRounds "9"]
[EventCountry "GER"]
[SourceDate "2015.09.20"]
[WhiteTeam "SG Neubrandenburg"]
[BlackTeam "SG Guestrow/Teterow"]
[WhiteTeamCountry "GER"]
[BlackTeamCountry "GER"]

1. e4 e5 2. Nf3 d6 3. Nc3 Nf6 4. Bb5+ c6 5. Be2 Be7 6. O-O O-O 7. d4 exd4 8.
Nxd4 Nbd7 9. f4 Nc5 10. Bf3 Bd7 11. Kh1 Qc8 12. h3 b5 13. b4 Na6 14. a3 Rb8 15.
e5 dxe5 16. fxe5 Ne8 17. Bf4 Rb6 18. Be4 Bxh3 19. Bxh7+ Kh8 20. Qh5 Qg4 21.
Bg6+ Qxh5 22. Bxh5 Bd7 23. Be3 c5 24. Nd5 cxd4 25. Nxe7 dxe3 26. Ng6+ Rxg6 27.
Bxg6 f5 28. Rfd1 Be6 29. Rd8 Nac7 30. g3 e2 31. Kg2 Kg8 32. Kf2 Bc4 33. Rh1 f4
34. gxf4 Rxf4+ 35. Ke3 Rf1 0-1

[Event "1516VL"]
[Site "Mecklenburg-Vorpommern"]
[Date "2015.12.13"]
[Round "4.1"]
[White "Zentgraf, Robert"]
[Black "Hanisch, Sebastian"]
[Result "1-0"]
[WhiteElo "2142"]
[BlackElo "1988"]
[PlyCount "83"]
[EventDate "2015.10.11"]
[EventType "team-tourn"]
[EventRounds "9"]
[EventCountry "GER"]
[SourceDate "2015.09.20"]
[WhiteTeam "SAV Torgelow"]
[BlackTeam "SF Schwerin IV"]
[WhiteTeamCountry "GER"]
[BlackTeamCountry "GER"]

1. Nf3 d5 2. c4 e6 3. g3 Nf6 4. Bg2 Be7 5. O-O O-O 6. d4 b6 7. Nc3 Bb7 8. Qa4
a6 9. Rd1 Qd7 10. Qb3 Rd8 11. Ne5 Qe8 12. Bf4 h6 13. Rac1 g5 14. Be3 dxc4 15.
Qxc4 Bxg2 16. Kxg2 Bd6 17. h3 b5 18. Qb3 c5 19. Ng4 Nxg4 20. hxg4 c4 21. Qc2
Nc6 22. Ne4 Be7 23. Rh1 Nb4 24. Qb1 Kg7 25. Nc3 Qc6+ 26. f3 Bf6 27. Rcd1 Rd7
28. Ne4 Be7 29. Nc3 Bf6 30. a3 Nd5 31. Bf2 Nxc3 32. bxc3 e5 33. e4 exd4 34.
cxd4 Be7 35. d5 Qg6 36. Bd4+ f6 37. Qb2 Rb7 38. Rhe1 a5 39. e5 fxe5 40. Rxe5
Kh7 41. Re6 Qf7 42. Rxh6+ 1-0

[Event "1516VL"]
[Site "Mecklenburg-Vorpommern"]
[Date "2015.12.13"]
[Round "4.2"]
[White "Fischer, Torsten"]
[Black "Ehlers, Michael"]
[Result "1-0"]
[WhiteElo "2014"]
[BlackElo "1945"]
[PlyCount "81"]
[EventDate "2015.10.11"]
[EventType "team-tourn"]
[EventRounds "9"]
[EventCountry "GER"]
[SourceDate "2015.09.20"]
[WhiteTeam "SF Schwerin IV"]
[BlackTeam "SAV Torgelow"]
[WhiteTeamCountry "GER"]
[BlackTeamCountry "GER"]

1. e4 c5 2. Nf3 e6 3. d4 cxd4 4. Nxd4 Nf6 5. Bd3 Nc6 6. c3 Be7 7. Be3 Ne5 8.
Bc2 Nc4 9. Bc1 a6 10. Qe2 Qc7 11. Nd2 Nxd2 12. Bxd2 d6 13. O-O O-O 14. Rac1 g6
15. c4 e5 16. Nf3 Be6 17. Bd3 Rfc8 18. Ng5 Bd7 19. f4 Ng4 20. f5 Qb6+ 21. Kh1
Nf6 22. fxg6 fxg6 23. Be3 Qd8 24. c5 d5 25. exd5 Bg4 26. Qf2 Kg7 27. h3 Qxd5
28. Bc4 Qd7 29. hxg4 Qxg4 30. Be6 Qh5+ 31. Bh3 Rc6 32. Qf3 Qh4 33. Kg1 Kh8 34.
Nf7+ Kg7 35. Nxe5 Rc7 36. Rc4 Qh5 37. Ng4 Rf8 38. Bh6+ Kg8 39. Bxf8 Bxc5+ 40.
Rxc5 Nxg4 41. Rxh5 1-0

[Event "1516VL"]
[Site "Mecklenburg-Vorpommern"]
[Date "2015.12.13"]
[Round "4.3"]
[White "Schmekel, Florian"]
[Black "Rabinowitsch, Juri"]
[Result "1-0"]
[WhiteElo "1929"]
[BlackElo "1888"]
[PlyCount "147"]
[EventDate "2015.10.11"]
[EventType "team-tourn"]
[EventRounds "9"]
[EventCountry "GER"]
[SourceDate "2015.09.20"]
[WhiteTeam "SAV Torgelow"]
[BlackTeam "SF Schwerin IV"]
[WhiteTeamCountry "GER"]
[BlackTeamCountry "GER"]

1. d4 Nf6 2. c4 e6 3. Nf3 c5 4. d5 d6 5. Nc3 Be7 6. e4 e5 7. Be2 O-O 8. O-O Ne8
9. Qc2 f5 10. exf5 Bxf5 11. Bd3 g6 12. Be3 Ng7 13. a3 Nd7 14. b4 b6 15. bxc5
Nxc5 16. Bxc5 bxc5 17. Rab1 Qd7 18. Rb3 Rab8 19. Rfb1 Rxb3 20. Rxb3 Qc7 21. Be4
Rb8 22. Qb1 Rxb3 23. Qxb3 Bd7 24. Bc2 Nf5 25. Ne4 Qb6 26. h3 Kf7 27. g4 Ng7 28.
Nfd2 Qxb3 29. Bxb3 h5 30. f3 hxg4 31. fxg4 Ne8 32. Nc3 Bg5 33. Nde4 Be3+ 34.
Kg2 Ke7 35. Kf3 Bc1 36. a4 a6 37. Ne2 Bh6 38. h4 Bg7 39. N2g3 Nf6 40. Nxf6 Bxf6
41. g5 Bg7 42. Bc2 Kf7 43. Ne4 Ke7 44. Ng3 Kf7 45. h5 gxh5 46. Nxh5 Bh8 47. Kg3
Bg7 48. Kh4 Bh8 49. g6+ Kf8 50. Kg5 Bg7 51. a5 Bh3 52. Bd3 Bd7 53. Bf5 Bxf5 54.
Kxf5 Bh6 55. Ke6 e4 56. Ng3 e3 57. Ne2 Kg7 58. Kxd6 Kxg6 59. Kxc5 Kf6 60. Kd4
Ke7 61. c5 Kd7 62. Ke4 Bf8 63. c6+ Kd6 64. Nd4 Ke7 65. Nf5+ Kd8 66. Kxe3 Bb4
67. d6 Bxa5 68. Kd4 Bb6+ 69. Kd5 a5 70. Ng7 a4 71. Ne6+ Kc8 72. Kc4 Ba5 73. Kd3
Kb8 74. d7 1-0

[Event "1516VL"]
[Site "Mecklenburg-Vorpommern"]
[Date "2015.12.13"]
[Round "4.4"]
[White "Kupfernagel, Michael"]
[Black "Bauer, Norbert"]
[Result "1/2-1/2"]
[WhiteElo "1901"]
[BlackElo "1974"]
[PlyCount "114"]
[EventDate "2015.10.11"]
[EventType "team-tourn"]
[EventRounds "9"]
[EventCountry "GER"]
[SourceDate "2015.09.20"]
[WhiteTeam "SF Schwerin IV"]
[BlackTeam "SAV Torgelow"]
[WhiteTeamCountry "GER"]
[BlackTeamCountry "GER"]

1. d4 Nf6 2. Nc3 d5 3. Bg5 Nbd7 4. f3 c6 5. e3 e5 6. dxe5 Nxe5 7. Qd4 Ned7 8.
O-O-O Be7 9. Nge2 b5 10. Ng3 h6 11. Bxf6 Bxf6 12. Qd2 Qa5 13. Kb1 Bxc3 14. Qxc3
Qxc3 15. bxc3 Nc5 16. Bd3 Be6 17. e4 Na4 18. Ne2 Ke7 19. a3 Rac8 20. Kc1 dxe4
21. Bxe4 Nc5 22. Bd3 Nxd3+ 23. cxd3 c5 24. Kc2 a5 25. Rhe1 g5 26. Ng3 Rhf8 27.
Nf5+ Kf6 28. Ng3 b4 29. Ne4+ Ke7 30. Nf2 bxc3 31. Kxc3 c4 32. d4 Rb8 33. d5
Rb3+ 34. Kxc4 Rxa3 35. dxe6 Rc8+ 36. Kd4 Rd8+ 37. Ke5 Rxd1 38. Rxd1 fxe6 39.
Rb1 Ra2 40. Rb7+ Kd8 41. Ne4 Rxg2 42. Kxe6 a4 43. Ra7 Rxh2 44. Rxa4 Rh3 45.
Ra8+ Kc7 46. Rf8 Rh4 47. Nf6 Kc6 48. Rb8 Rh3 49. Ng4 Kc5 50. Ne5 Kd4 51. Kf5
Rh4 52. Ng4 Rh3 53. Rd8+ Kc3 54. Ne5 Kc2 55. Rd6 Rh4 56. Ng4 Rh3 57. Ne5 Rh4
1/2-1/2

[Event "1516VL"]
[Site "Mecklenburg-Vorpommern"]
[Date "2015.12.13"]
[Round "4.5"]
[White "Lehmann, Ruben"]
[Black "Jung, Werner"]
[Result "0-1"]
[WhiteElo "1885"]
[BlackElo "1877"]
[PlyCount "58"]
[EventDate "2015.10.11"]
[EventType "team-tourn"]
[EventRounds "9"]
[EventCountry "GER"]
[SourceDate "2015.09.20"]
[WhiteTeam "SAV Torgelow"]
[BlackTeam "SF Schwerin IV"]
[WhiteTeamCountry "GER"]
[BlackTeamCountry "GER"]

1. d4 f5 2. h3 Nf6 3. g4 d5 4. g5 Ne4 5. Nf3 e6 6. h4 c5 7. e3 Nc6 8. Bb5 Qa5+
9. Nc3 Nxc3 10. Bxc6+ bxc6 11. bxc3 Bd6 12. Bd2 c4 13. Ng1 O-O 14. Ne2 e5 15.
f4 exf4 16. exf4 Bd7 17. Kf2 Qc7 18. Qc1 Rae8 19. Ng1 Re4 20. Kg3 Be8 21. h5
Qe7 22. Nf3 c5 23. h6 cxd4 24. hxg7 Rf7 25. cxd4 c3 26. Bxc3 Bxf4+ 27. Qxf4
Rxf4 28. Kxf4 Qe4+ 29. Kg3 f4+ 0-1

[Event "1516VL"]
[Site "Mecklenburg-Vorpommern"]
[Date "2015.12.13"]
[Round "4.6"]
[White "Dittrich, Carsten"]
[Black "Massloch, Philipp"]
[Result "1-0"]
[WhiteElo "1828"]
[BlackElo "1663"]
[PlyCount "101"]
[EventDate "2015.10.11"]
[EventType "team-tourn"]
[EventRounds "9"]
[EventCountry "GER"]
[SourceDate "2015.09.20"]
[WhiteTeam "SF Schwerin IV"]
[BlackTeam "SAV Torgelow"]
[WhiteTeamCountry "GER"]
[BlackTeamCountry "GER"]

1. d4 Nf6 2. Nc3 g6 3. e4 d5 4. e5 Ne4 5. Nce2 c5 6. f3 Qa5+ 7. c3 cxd4 8. fxe4
dxc3 9. Nxc3 dxe4 10. Qd5 Qxd5 11. Nxd5 Kd8 12. Bd2 Nc6 13. Bc3 Be6 14. O-O-O
Kc8 15. Kb1 Bg7 16. Be2 Rd8 17. Nf4 Rxd1+ 18. Bxd1 Bc4 19. e6 Bxc3 20. bxc3 f5
21. Be2 Bxe2 22. Ngxe2 Kc7 23. Rd1 Rd8 24. Rxd8 Nxd8 25. h4 Kd6 26. Kc2 Nxe6
27. Nxe6 Kxe6 28. Kd2 Kd5 29. Nf4+ Kd6 30. Nh3 e5 31. Ng5 h5 32. Nf7+ Ke7 33.
Nxe5 Kf6 34. Nd7+ Ke7 35. Nc5 b6 36. Na6 Kd6 37. Nb4 a5 38. Nc2 b5 39. g3 Ke5
40. Ke3 Kd5 41. Na3 b4 42. cxb4 axb4 43. Nc2 Kc4 44. Kd2 b3 45. Ne3+ Kb4 46.
axb3 Kxb3 47. Nd5 Kc4 48. Nf4 Kd4 49. Nxg6 e3+ 50. Ke2 Ke4 51. Nf4 1-0

[Event "1516VL"]
[Site "Mecklenburg-Vorpommern"]
[Date "2015.12.13"]
[Round "4.7"]
[White "Kasel, Alexander"]
[Black "Krueger, Gerhard"]
[Result "0-1"]
[WhiteElo "1607"]
[BlackElo "1815"]
[PlyCount "64"]
[EventDate "2015.10.11"]
[EventType "team-tourn"]
[EventRounds "9"]
[EventCountry "GER"]
[SourceDate "2015.09.20"]
[WhiteTeam "SAV Torgelow"]
[BlackTeam "SF Schwerin IV"]
[WhiteTeamCountry "GER"]
[BlackTeamCountry "GER"]

1. c4 Nf6 2. Nc3 g6 3. d4 d5 4. Nf3 Bg7 5. Bf4 c6 6. cxd5 Nxd5 7. Be5 f6 8. Bg3
O-O 9. Qb3 Kh8 10. e3 Nb6 11. a4 a5 12. Be2 Na6 13. Bxa6 Rxa6 14. O-O Nd5 15.
Ne4 Rb6 16. Qa3 Rb4 17. Nc5 g5 18. Nd3 Rb6 19. Nd2 Nb4 20. Nxb4 Rxb4 21. Rac1
Be6 22. f3 Qb6 23. Be1 Re8 24. Rb1 Bf5 25. e4 Qxd4+ 26. Rf2 Be6 27. b3 Qd3 28.
Qb2 f5 29. Qa2 Bd4 30. Nc4 Bxc4 31. Bxb4 Bxb3 32. Rxb3 Qd1+ 0-1

[Event "1516VL"]
[Site "Mecklenburg-Vorpommern"]
[Date "2015.12.13"]
[Round "4.8"]
[White "Pamperin, Gerhard"]
[Black "Bress, Aaron"]
[Result "1/2-1/2"]
[WhiteElo "1765"]
[BlackElo "1475"]
[PlyCount "31"]
[EventDate "2015.10.11"]
[EventType "team-tourn"]
[EventRounds "9"]
[EventCountry "GER"]
[SourceDate "2015.09.20"]
[WhiteTeam "SF Schwerin IV"]
[BlackTeam "SAV Torgelow"]
[WhiteTeamCountry "GER"]
[BlackTeamCountry "GER"]

1. d4 Nf6 2. Nf3 e6 3. c4 b6 4. Nc3 Bb7 5. e3 Be7 6. Bd3 O-O 7. O-O d5 8. cxd5
Nxd5 9. Nxd5 Bxd5 10. b3 Nd7 11. Bb2 c5 12. dxc5 Nxc5 13. Be2 Bf6 14. Bxf6 Qxf6
15. Qd4 Qg6 16. Nh4 1/2-1/2

[Event "1516VL"]
[Site "Mecklenburg-Vorpommern"]
[Date "2015.12.13"]
[Round "4.1"]
[White "Ruesch, Hans Joachim"]
[Black "Skibbe, Willi"]
[Result "0-1"]
[WhiteElo "1919"]
[BlackElo "2207"]
[PlyCount "74"]
[EventDate "2015.10.11"]
[EventType "team-tourn"]
[EventRounds "9"]
[EventCountry "GER"]
[SourceDate "2015.09.20"]
[WhiteTeam "SFO Warnemuende"]
[BlackTeam "SSC Rostock 07 II"]
[WhiteTeamCountry "GER"]
[BlackTeamCountry "GER"]

1. d4 d5 2. Nf3 Nc6 3. Bf4 Bg4 4. e3 Nf6 5. Bb5 Nd7 6. O-O e6 7. Bxc6 bxc6 8.
c4 Qb8 9. Nbd2 Be7 10. Qa4 Bxf3 11. Nxf3 Qb7 12. cxd5 cxd5 13. Rac1 Rc8 14. Rc6
O-O 15. Ra6 Nf6 16. b3 Ra8 17. Rc1 Rfc8 18. Rac6 Bd6 19. Ne5 Nh5 20. Nd3 Nxf4
21. exf4 a5 22. Nc5 Qb4 23. Qxb4 axb4 24. Na4 Bxf4 25. R1c2 Rcb8 26. g3 Bd6 27.
Nc5 Rb6 28. Rxb6 cxb6 29. Nd7 b5 30. Rc6 Be7 31. Rc7 g5 32. Nc5 Bf6 33. Rb7
Bxd4 34. Rxb5 Rxa2 35. Nd3 Rd2 36. Nxb4 Rxf2 37. Nc6 Be3 0-1

[Event "1516VL"]
[Site "Mecklenburg-Vorpommern"]
[Date "2015.12.13"]
[Round "4.2"]
[White "Engel, Gunnar"]
[Black "Wolke, Heiko"]
[Result "1/2-1/2"]
[WhiteElo "2027"]
[BlackElo "1961"]
[PlyCount "87"]
[EventDate "2015.10.11"]
[EventType "team-tourn"]
[EventRounds "9"]
[EventCountry "GER"]
[SourceDate "2015.09.20"]
[WhiteTeam "SSC Rostock 07 II"]
[BlackTeam "SFO Warnemuende"]
[WhiteTeamCountry "GER"]
[BlackTeamCountry "GER"]

1. d4 Nf6 2. c4 e6 3. g3 c5 4. Nf3 Be7 5. Bg2 O-O 6. Nc3 d5 7. cxd5 Nxd5 8. O-O
Nc6 9. Nxd5 Qxd5 10. dxc5 Qxc5 11. Be3 Qh5 12. Rc1 Bf6 13. Qa4 e5 14. Rfd1 Be6
15. b4 Rfd8 16. b5 Nd4 17. Nxd4 exd4 18. Bf4 Bd5 19. Bxd5 Qxd5 20. Rd3 g5 21.
Bd2 Qe4 22. Re1 h5 23. Rf3 Qe6 24. Qb3 Qxb3 25. axb3 Kg7 26. Rf5 Kg6 27. Rc5
Rd7 28. Rec1 Re8 29. Kf1 Ree7 30. e3 h4 31. gxh4 gxh4 32. Ke2 Re5 33. Rg1+ Kf5
34. b4 b6 35. Rxe5+ Kxe5 36. exd4+ Kxd4 37. Rg4+ Kd5 38. h3 Ke6 39. Rc4 Kf5 40.
Rf4+ Ke6 41. Re4+ Kf5 42. f3 Rd5 43. Be1 Rxb5 44. Bxh4 1/2-1/2

[Event "1516VL"]
[Site "Mecklenburg-Vorpommern"]
[Date "2015.12.13"]
[Round "4.3"]
[White "Schumacher, Dirk"]
[Black "Pererva, Viktor"]
[Result "1-0"]
[WhiteElo "1958"]
[BlackElo "2007"]
[PlyCount "85"]
[EventDate "2015.10.11"]
[EventType "team-tourn"]
[EventRounds "9"]
[EventCountry "GER"]
[SourceDate "2015.09.20"]
[WhiteTeam "SFO Warnemuende"]
[BlackTeam "SSC Rostock 07 II"]
[WhiteTeamCountry "GER"]
[BlackTeamCountry "GER"]

1. e4 e5 2. d4 exd4 3. Nf3 Nc6 4. Bc4 Nf6 5. O-O Nxe4 6. Re1 d5 7. Bxd5 Qxd5 8.
Nc3 Qa5 9. Nxe4 Be6 10. Bg5 h6 11. Bh4 g5 12. Nxd4 O-O-O 13. Nxc6 bxc6 14. Qh5
Bg7 15. Nc3 Qb4 16. Bg3 Qg4 17. Qxg4 Bxg4 18. Re7 Rd7 19. Rxd7 Bxd7 20. Re1 Re8
21. Rxe8+ Bxe8 22. Na4 c5 23. b3 Bxa4 24. bxa4 Kb7 25. Kf1 f5 26. f3 f4 27. Be1
c4 28. Ke2 Kb6 29. g3 Be5 30. gxf4 gxf4 31. Kf2 Kc5 32. Kg2 Kd4 33. Bd2 Bd6 34.
Kh3 c3 35. Bc1 Kc4 36. a3 Kd4 37. Kg4 h5+ 38. Kxh5 Bxa3 39. Bxa3 Ke3 40. Kg4
Kd2 41. h4 Kxc2 42. h5 Kb3 43. Bc1 1-0

[Event "1516VL"]
[Site "Mecklenburg-Vorpommern"]
[Date "2015.12.13"]
[Round "4.4"]
[White "Mangold, Thomas"]
[Black "Hamann, Dirk"]
[Result "1/2-1/2"]
[WhiteElo "1937"]
[BlackElo "1911"]
[PlyCount "81"]
[EventDate "2015.10.11"]
[EventType "team-tourn"]
[EventRounds "9"]
[EventCountry "GER"]
[SourceDate "2015.09.20"]
[WhiteTeam "SSC Rostock 07 II"]
[BlackTeam "SFO Warnemuende"]
[WhiteTeamCountry "GER"]
[BlackTeamCountry "GER"]

1. d4 Nf6 2. c4 e5 3. dxe5 Ng4 4. Bf4 Bb4+ 5. Nd2 Nc6 6. Ngf3 Qe7 7. e3 Ngxe5
8. Nxe5 Nxe5 9. Be2 O-O 10. O-O Ng6 11. Bg3 d6 12. Nb3 Bf5 13. a3 Bc5 14. Nxc5
dxc5 15. Qb3 Be4 16. Rfd1 Rad8 17. Rxd8 Rxd8 18. Rd1 h6 19. Rxd8+ Qxd8 20. Qd1
Qf6 21. Qd7 Qxb2 22. Qe8+ Kh7 23. Qxe4 Qxe2 24. h4 Qd1+ 25. Kh2 Qh5 26. Qxb7
Nxh4 27. Qb1+ f5 28. Kg1 Ng6 29. Bxc7 Qg4 30. Qd3 h5 31. f3 Qg5 32. Bd8 Ne5 33.
Bxg5 Nxd3 34. Be7 Kg6 35. Kf1 Kf7 36. Bd6 Ke6 37. Bf8 Nb2 38. Bxc5 Nxc4 39.
Bxa7 Nxa3 40. Kf2 g5 41. Bb6 1/2-1/2

[Event "1516VL"]
[Site "Mecklenburg-Vorpommern"]
[Date "2015.12.13"]
[Round "4.5"]
[White "Giese, Guido"]
[Black "Brack, Peter"]
[Result "1/2-1/2"]
[WhiteElo "1856"]
[BlackElo "1941"]
[PlyCount "144"]
[EventDate "2015.10.11"]
[EventType "team-tourn"]
[EventRounds "9"]
[EventCountry "GER"]
[SourceDate "2015.09.20"]
[WhiteTeam "SFO Warnemuende"]
[BlackTeam "SSC Rostock 07 II"]
[WhiteTeamCountry "GER"]
[BlackTeamCountry "GER"]

1. e4 e6 2. d4 d5 3. Nc3 Bb4 4. e5 b6 5. Bd2 Qd7 6. Nb5 Bf8 7. f4 Ne7 8. Nf3 h5
9. Bb4 Nbc6 10. Bd6 cxd6 11. Nxd6+ Kd8 12. Nxf7+ Kc7 13. Nxh8 Qe8 14. Ng5 Nd8
15. Bd3 Nf5 16. Bxf5 exf5 17. Qf3 Bb7 18. Qc3+ Bc6 19. Qh3 Be7 20. Qxf5 Qxh8
21. O-O-O Qe8 22. h4 Bd7 23. Qd3 g6 24. Qb3 Bc6 25. Rhe1 Qf8 26. g3 Rc8 27. Kb1
Kb7 28. Ka1 a5 29. Qe3 Qf5 30. Rc1 Bb5 31. c3 Ne6 32. Nh7 Bd3 33. Nf6 Bxf6 34.
exf6 Be4 35. c4 Qxf6 36. cxd5 Rxc1+ 37. Rxc1 Qxd4 38. Re1 Bxd5 39. Qxd4 Nxd4
40. Kb1 Kc6 41. b3 Bf3 42. Kb2 Ne2 43. Rd1 Be4 44. Re1 Bd3 45. Rf1 Kd5 46. Rd1
Kd4 47. Re1 Ke3 48. a3 b5 49. a4 bxa4 50. bxa4 Kd2 51. Rh1 Nxg3 52. Rh3 Ne2 53.
Rf3 Nd4 54. Rg3 Ne6 55. Rg2+ Ke3 56. Kc3 Nxf4 57. Rg3+ Ke4 58. Rg5 Nd5+ 59.
Rxd5 Kxd5 60. Kxd3 Ke5 61. Ke3 Kf5 62. Kf3 g5 63. hxg5 Kxg5 64. Kg3 Kf5 65. Kh4
Ke4 66. Kxh5 Kd4 67. Kg4 Kc4 68. Kf3 Kb3 69. Ke3 Kxa4 70. Kd2 Kb3 71. Kc1 Ka2
72. Kc2 a4 1/2-1/2

[Event "1516VL"]
[Site "Mecklenburg-Vorpommern"]
[Date "2015.12.13"]
[Round "4.6"]
[White "Schumann, Rabea"]
[Black "Schmidt, Reinhard"]
[Result "1-0"]
[WhiteElo "1674"]
[BlackElo "1795"]
[PlyCount "71"]
[EventDate "2015.10.11"]
[EventType "team-tourn"]
[EventRounds "9"]
[EventCountry "GER"]
[SourceDate "2015.09.20"]
[WhiteTeam "SSC Rostock 07 II"]
[BlackTeam "SFO Warnemuende"]
[WhiteTeamCountry "GER"]
[BlackTeamCountry "GER"]

1. e4 c5 2. Nc3 e6 3. f4 d5 4. Nf3 d4 5. Nb1 Nf6 6. d3 Bd7 7. g3 Bc6 8. Bg2
Nbd7 9. O-O Be7 10. Nbd2 b5 11. Qe2 Ng4 12. Nxd4 cxd4 13. Qxg4 O-O 14. Nb3 Qb6
15. Bd2 b4 16. Kh1 a5 17. c3 f5 18. Qe2 fxe4 19. Nxd4 Bb7 20. Bxe4 Nc5 21. Bxb7
Qxb7+ 22. Qf3 Qa6 23. cxb4 axb4 24. Bxb4 Qb6 25. a3 Rac8 26. Rfe1 Rfe8 27. Rac1
Bf6 28. Bc3 Na4 29. Qe4 Nxb2 30. Bxb2 Rxc1 31. Bxc1 Bxd4 32. Be3 Bxe3 33. Qxe3
Qa5 34. d4 Kf8 35. Kg1 Qa4 36. f5 1-0

[Event "1516VL"]
[Site "Mecklenburg-Vorpommern"]
[Date "2015.12.13"]
[Round "4.7"]
[White "Birnbaum, Wolf Dieter"]
[Black "Hodl, Ingolf"]
[Result "1-0"]
[WhiteElo "1782"]
[BlackElo "1922"]
[PlyCount "79"]
[EventDate "2015.10.11"]
[EventType "team-tourn"]
[EventRounds "9"]
[EventCountry "GER"]
[SourceDate "2015.09.20"]
[WhiteTeam "SFO Warnemuende"]
[BlackTeam "SSC Rostock 07 II"]
[WhiteTeamCountry "GER"]
[BlackTeamCountry "GER"]

1. Nf3 g6 2. g3 Bg7 3. d4 d6 4. Bg2 Nd7 5. O-O Ngf6 6. c4 O-O 7. Nc3 e5 8. b3
Re8 9. e3 c6 10. Bb2 e4 11. Nd2 d5 12. a4 Nf8 13. b4 Bg4 14. Qb3 Qd7 15. Rfc1
a6 16. a5 Qf5 17. cxd5 cxd5 18. h3 Bxh3 19. Nxd5 Ng4 20. Nf4 Bxg2 21. Rc5 Qf6
22. Kxg2 Ne6 23. Rc2 Nxf4+ 24. gxf4 Qh4 25. Nf1 g5 26. fxg5 Qxg5 27. Ng3 h5 28.
Rc5 Qg6 29. Rxh5 Nf6 30. Rc5 Rad8 31. Rg1 Qg4 32. Kf1 Rc8 33. Rf5 Kf8 34. b5
Re7 35. Ba3 Ke8 36. Bxe7 Rc1+ 37. Kg2 Rxg1+ 38. Kxg1 Kxe7 39. bxa6 bxa6 40.
Qb7+ 1-0

[Event "1516VL"]
[Site "Mecklenburg-Vorpommern"]
[Date "2015.12.13"]
[Round "4.8"]
[White "Schamber, Dennis"]
[Black "Boecking, Uwe"]
[Result "1/2-1/2"]
[WhiteElo "1695"]
[BlackElo "1738"]
[PlyCount "82"]
[EventDate "2015.10.11"]
[EventType "team-tourn"]
[EventRounds "9"]
[EventCountry "GER"]
[SourceDate "2015.09.20"]
[WhiteTeam "SSC Rostock 07 II"]
[BlackTeam "SFO Warnemuende"]
[WhiteTeamCountry "GER"]
[BlackTeamCountry "GER"]

1. d4 Nf6 2. c4 e6 3. Nf3 d5 4. Nc3 c6 5. Bf4 Nh5 6. e3 Nxf4 7. exf4 Be7 8. c5
Nd7 9. Bd3 b6 10. b4 bxc5 11. bxc5 Qa5 12. Qc2 Ba6 13. O-O Bxd3 14. Qxd3 Rb8
15. Ne5 Nxe5 16. fxe5 O-O 17. Rab1 Rfc8 18. f4 Bd8 19. f5 exf5 20. Qxf5 Qc7 21.
Qh5 Qe7 22. Ne2 f6 23. e6 Qxe6 24. Rbe1 Qe3+ 25. Kh1 Ba5 26. Rd1 Rb2 27. Ng3
Qe8 28. Qg4 Kh8 29. Nf5 Qf8 30. Nxg7 Rcb8 31. Nh5 Qg8 32. Nxf6 Qxg4 33. Nxg4
Rxa2 34. Ne5 Rbb2 35. Rg1 Bd2 36. Rb1 Be3 37. Rxb2 Rxb2 38. Rd1 Bxd4 39. Nxc6
Bxc5 40. g3 Bb6 41. Rxd5 Ra2 1/2-1/2

[Event "1516VL"]
[Site "Mecklenburg-Vorpommern"]
[Date "2015.12.13"]
[Round "4.1"]
[White "Mehl, Ronald"]
[Black "Waschk, Armin"]
[Result "1/2-1/2"]
[WhiteElo "2090"]
[BlackElo "2099"]
[PlyCount "110"]
[EventDate "2015.10.11"]
[EventType "team-tourn"]
[EventRounds "9"]
[EventCountry "GER"]
[SourceDate "2015.09.20"]
[WhiteTeam "FHSG Stralsund"]
[BlackTeam "SG Guestrow/Teterow"]
[WhiteTeamCountry "GER"]
[BlackTeamCountry "GER"]

1. Nf3 c5 2. c4 Nc6 3. d4 cxd4 4. Nxd4 g6 5. Nc3 Bg7 6. e3 d6 7. Be2 a6 8. O-O
Nf6 9. Nxc6 bxc6 10. Bf3 Qc7 11. Bd2 O-O 12. Rc1 Rb8 13. b3 Nd7 14. Na4 f5 15.
Bc3 Ne5 16. Be2 Bb7 17. f4 Nd7 18. Bxg7 Kxg7 19. e4 fxe4 20. Qd4+ Nf6 21. g4 c5
22. Qe3 e6 23. Rcd1 Rbd8 24. g5 Ne8 25. Bg4 Qe7 26. h4 Bc6 27. Nxc5 dxc5 28.
Rxd8 Qxd8 29. Qxc5 Qd6 30. Qxd6 Nxd6 31. Bxe6 Re8 32. Bg4 Kf7 33. f5 gxf5 34.
Bh5+ Ke7 35. Bxe8 Bxe8 36. c5 Nb5 37. Rxf5 Ke6 38. Rf6+ Kd5 39. Kf2 Kxc5 40.
Ke3 Nc3 41. Rxa6 Bg6 42. Ra5+ Kb4 43. Re5 Nxa2 44. Rxe4+ Kxb3 45. Re6 Kc4 46.
Kf4 Kd5 47. Re1 Nb4 48. Kg4 Nd3 49. Ra1 Ne5+ 50. Kf4 Nd3+ 51. Ke3 Ne5 52. Ra6
Nc4+ 53. Kf4 Kd4 54. Re6 Kd5 55. Re1 Nd6 1/2-1/2

[Event "1516VL"]
[Site "Mecklenburg-Vorpommern"]
[Date "2015.12.13"]
[Round "4.2"]
[White "Dettmann, Gerd"]
[Black "Hubert, Peter"]
[Result "1-0"]
[WhiteElo "2081"]
[BlackElo "1986"]
[PlyCount "91"]
[EventDate "2015.10.11"]
[EventType "team-tourn"]
[EventRounds "9"]
[EventCountry "GER"]
[SourceDate "2015.09.20"]
[WhiteTeam "SG Guestrow/Teterow"]
[BlackTeam "FHSG Stralsund"]
[WhiteTeamCountry "GER"]
[BlackTeamCountry "GER"]

1. e4 c5 2. Nf3 Nc6 3. Bb5 Qb6 4. Nc3 e6 5. O-O g6 6. Bxc6 dxc6 7. d3 Qc7 8.
Be3 e5 9. Qd2 b6 10. Ne1 Bd6 11. h3 Nf6 12. Bh6 Nh5 13. a4 a5 14. Ne2 f6 15. c3
Nf4 16. Nxf4 exf4 17. Nf3 Kf7 18. d4 cxd4 19. cxd4 Re8 20. Qc2 Bf8 21. Bxf8
Kxf8 22. Rac1 Bd7 23. e5 fxe5 24. Nxe5 Re6 25. Qe4 Kg7 26. Qxf4 Rf8 27. Qg3 Be8
28. Rfe1 Qd6 29. Qc3 Qd5 30. Nf3 Bf7 31. Re5 Rxe5 32. dxe5 Be8 33. e6+ Kg8 34.
Re1 c5 35. e7 Rf5 36. b3 Qf7 37. h4 h6 38. Qe3 Kg7 39. Qe4 Qf6 40. Qa8 Kf7 41.
Qe4 Kg7 42. Qc4 Rf4 43. Qd5 Rf5 44. Qd8 Kf7 45. Re3 g5 46. Qb8 1-0

[Event "1516VL"]
[Site "Mecklenburg-Vorpommern"]
[Date "2015.12.13"]
[Round "4.3"]
[White "Glawe, Hartmut"]
[Black "Luther, Alexander"]
[Result "1-0"]
[WhiteElo "1908"]
[BlackElo "1961"]
[PlyCount "63"]
[EventDate "2015.10.11"]
[EventType "team-tourn"]
[EventRounds "9"]
[EventCountry "GER"]
[SourceDate "2015.09.20"]
[WhiteTeam "FHSG Stralsund"]
[BlackTeam "SG Guestrow/Teterow"]
[WhiteTeamCountry "GER"]
[BlackTeamCountry "GER"]

1. d4 Nf6 2. c4 e6 3. Nc3 d5 4. cxd5 exd5 5. Bg5 Be7 6. e3 O-O 7. Bd3 h6 8. Bh4
Be6 9. Nge2 Nbd7 10. f3 c5 11. Rc1 Rc8 12. O-O Nb6 13. Bf2 Nc4 14. Bxc4 dxc4
15. Qc2 Qa5 16. e4 cxd4 17. Nxd4 Bd7 18. Rcd1 Rfd8 19. Rfe1 b5 20. a3 Bc5 21.
e5 Nh5 22. Qc1 g5 23. g3 Ng7 24. Ne4 Ne6 25. Nf6+ Kh8 26. Nxe6 Bxf2+ 27. Kxf2
Qb6+ 28. Nd4 Bf5 29. Qe3 Bd3 30. Ne2 Qe6 31. h4 Bxe2 32. Qe4 1-0